| 000 | 00524nam a2200169Ia 4500 | ||
|---|---|---|---|
| 005 | 20250424120218.0 | ||
| 008 | 250424s9999 xx 000 0 und d | ||
| 022 | _a01891743 | ||
| 050 | _aHF 5616.N6 .A23/ | ||
| 245 | 0 | _aAccounting frontier: the official journal of Nigeria accounting association (NAA) | |
| 260 | _aKaduna, Nigeria | ||
| 260 | _bThe Nigerian accunting association | ||
| 260 | _c2015 | ||
| 300 | _avi, 216 p. 22 cm. | ||
| 650 | _aAccounting--Nigeria--Periodicals. Accounting. Nigeria. | ||
| 942 | _cSR | ||
| 999 |
_c38028 _d38028 |
||